000 00485nam a22001577a 4500
003 macl
005 20211118173919.0
008 190328b xxu||||| |||| 00| 0 eng d
040 _cmacl
082 _a920/BHA
100 _aडॉ , राष्‍ट्रबन्‍धु
_962410
245 _aभारतीय प्रतिभाऍ
260 _aदिल्‍ली
_bअग्‍िन प्रकाशन
_c2018
650 _aजीवनी
_97943
942 _2ddc
_cHIN
999 _c59142
_d59142